Movies Quiz

Random Movies or Star Wars Quiz
Score 0/26 Timer 05:00
0 Plays Today
% Correct
Boba Fett
96.6%
Han Solo
95.9%
Ewoks
95.7%
Jedi
95%
Lightsaber
94.6%
R2-D2
93.4%
Stormtroopers
92.3%
Yoda
91.5%
Cloud City
88%
Palpatine
86.9%
X-Wing Starfighter
86.9%
Naboo
86.3%
TIE Fighter
82.9%
% Correct
Millennium Falcon
79.5%
Watto
72.5%
Droideka
70%
Ki-Adi-Mundi
59.8%
Order 66
58.6%
IG-88
53.4%
Geonosian
52.7%
Utapau
45.9%
Felucia
40.7%
Vulture Droid
36.9%
Acklay
34.2%
Ziro the Hutt
23.7%
Quarren
22.4%
Remove Ads.
Support Sporcle.
Get the best of Sporcle when you Go Orange. This ad-free experience offers more features, more stats, and more fun while also helping to support Sporcle. Thank you for becoming a member.

You're not logged in!

Compare scores with friends on all Sporcle quizzes.
OR
Log In

Show Comments

Extras

Top Quizzes Today


Score Distribution

Your Account Isn't Verified!

In order to create a playlist on Sporcle, you need to verify the email address you used during registration. Go to your Sporcle Settings to finish the process.

Report this User

Report this user for behavior that violates our Community Guidelines.

Details: